01011 a2200181 45000010006000000050017000060080041000230030015000640400040000790800068001192450043001870200018002302500011002482640034002593000019002935050488003121000029008002373520260407155523.0260407a1987 arg spa dAR-UNSa-BCEJYS aAR-UNSa-BCEJYSbspacAR-UNSa-BCEJYS a336.1xFinanzas Públicas. Finanzas del gobierno en general 10aIntoducción a la finanzas públicas a950-14-0425-0 a2a. ed 1aBuenos Aires :bDepalmac1987 a431 p.c22 cm. aTitulo I : De la actividad financiera del estado : 1. De los principios generales sobre la actividad financiera estatal - 2. De los gastos públicos - 3. De los recursos públicos - 4. De los recursos tributarios - 5. De los impuestos - 6. De las tasas y las contribuciones especiales - 7. Del crédito público - Titulo II : 8. De los principios generales del presupuesto - 9. De la aprobación y contenido del presupuesto - 10. De la ejecución y el control del presupuesto. 1 aMartín, José María